Normal view MARC view

Entry Topical Term

Number of records used in: 2

001 - CONTROL NUMBER

  • control field: 27346

003 - CONTROL NUMBER IDENTIFIER

  • control field: dpl

005 - DATE AND TIME OF LATEST TRANSACTION

  • control field: 20110420110729.0

008 - FIXED-LENGTH DATA ELEMENTS

  • fixed length control field: 110420|||a|||||| | ||| d

040 ## - CATALOGING SOURCE

  • Original cataloging agency: dpl
  • Transcribing agency: dpl

150 ## - HEADING--TOPICAL TERM

  • Topical term or geographic name as entry element: Public administration
  • General subdivision: Examination, question, etc.

670 ## - SOURCE DATA FOUND

  • Source citation: Work cat.: (dpl): Laxmikanth, M. 27344, Public administration for the UPSC and State Civil Services Preliminary Examinations /, 2011

670 ## - SOURCE DATA FOUND

  • Source citation: Work cat.: (dpl): Laxmikanth, M. 27344, Public administration for the UPSC and State Civil Services Preliminary Examinations /, 2011

© Delhi Public Library
Hit Counter
free hit counter